| 000 | 01043nac a22002651u 4500 | ||
|---|---|---|---|
| 008 | 100906s2002 nyuill |r|||| 00| 0 eng d | ||
| 010 | _a2002002054 | ||
| 020 | _a0471081302 (pbk. : alk. paper) | ||
| 035 | _a(DLC) 2002002054 | ||
| 035 | _a(DLC)1722 | ||
| 082 | 0 | 0 |
_a005.756 _bINM _222 |
| 100 |
_aInmon, William H. _918339 |
||
| 245 | 1 | 0 |
_aBuilding the data warehouse / _cW.H. Inmon. |
| 250 | _a3rd ed. | ||
| 260 |
_aNew York : _bJ. Wiley, _cc2002. |
||
| 300 |
_axx, 412 p. : _bill. ; _c24 cm. |
||
| 500 | _a"Wiley computer publishing." | ||
| 504 | _aIncludes bibliographical references (p. 397-406) and index. | ||
| 650 | 0 |
_aDatabase management. _918340 |
|
| 650 | 0 |
_aData warehousing. _918341 |
|
| 856 | 4 | 2 |
_3Contributor biographical information _uhttp://www.loc.gov/catdir/bios/wiley043/2002002054.html |
| 856 | 4 | 2 |
_3Publisher description _uhttp://www.loc.gov/catdir/description/wiley036/2002002054.html |
| 856 | 4 | 2 |
_3Table of contents _uhttp://www.loc.gov/catdir/toc/wiley021/2002002054.html |
| 942 |
_cBB _k005.756 INM _2ddc |
||
| 999 |
_c573 _d573 |
||